Islam /

محفوظ في:

المؤلف الرئيسي: Guillaume, Alfred, 1888-. (مؤلف)

التنسيق: كتاب

اللغة: English

منشور في: [Harmondsworth, Middlesex] : Penguin Books, 1966.

سلاسل: Pelican books ; A311.

الموضوعات:

الوسوم: إضافة وسم

لا توجد وسوم, كن أول من يضع وسما على هذه التسجيلة!

رقم الطلب: BP161 .G87x 1966

LEADER 00573nam a2200205Ia 4500
003 OSt
005 20250924124534.0
008 211223s1966 enk b 000 0 eng d
040 |c ARCE Library 
050 4 |a BP161 .G87x 1966 
100 1 |a Guillaume, Alfred,   |d 1888-.   |e author 
245 1 0 |a Islam /   |c Alfred Guillaume. 
264 1 |a [Harmondsworth, Middlesex] :   |b Penguin Books,   |c 1966. 
300 |a 207 p. ;   |b 19 cm. 
490 0 |a Pelican books ;   |v A311. 
504 |a Bibliography : p. 201-[204]. 
650 0 |a Islam. 
901 |a reviewed 
942 |2 lcc  |c BK 
999 |c 41294  |d 41294